Riadenie predimplemantačnej fázy a skladby projektového tímu pri nasadení KMS

Kreovanie projektového tímu, a to tak interného, na strane obstarávajúcej spoločnosti, ako aj externého, na strane dodávateľa, a to vrátane etapy jeho výberu. Sumarizácia najdôležitejších podmienok vytvorenia kvalitného tímu na strane objednávateľa.

Guardado en:
Detalles Bibliográficos
Autor principal: Miklošík, Andrej
Formato: Capítulo de libro
Lenguaje:eslovaco
Materias:
Etiquetas: Agregar Etiqueta
Sin Etiquetas, Sea el primero en etiquetar este registro!

MARC

LEADER 00000nla a2200000 4500
001 0155223
005 20240502072729.8
041 0 |a slo 
044 |a SK 
245 1 0 |a Riadenie predimplemantačnej fázy a skladby projektového tímu pri nasadení KMS  |c Andrej Miklošík 
520 |a Kreovanie projektového tímu, a to tak interného, na strane obstarávajúcej spoločnosti, ako aj externého, na strane dodávateľa, a to vrátane etapy jeho výberu. Sumarizácia najdôležitejších podmienok vytvorenia kvalitného tímu na strane objednávateľa. 
610 2 0 |a manažment znalostný 
610 2 0 |a rozhodovanie manažérske 
610 2 0 |a riadenie projektové 
610 2 0 |a procesy podnikové 
610 2 0 |a tímy pracovné 
100 1 |a Miklošík, Andrej